Learning GNU Emacs / (Record no. 375)
[ view plain ]
| 000 -LEADER | |
|---|---|
| fixed length control field | 00918aam a2200337 a 4500 |
| 001 - CONTROL NUMBER | |
| control field | 4341845 |
| 005 - DATE AND TIME OF LATEST TRANSACTION | |
| control field | 20200421093827.0 |
| 008 - FIXED-LENGTH DATA ELEMENTS--GENERAL INFORMATION | |
| fixed length control field | 051003s2005 cc a 001 0 eng c |
| 010 ## - LIBRARY OF CONGRESS CONTROL NUMBER | |
| LC control number | 2005281400 |
| 015 ## - NATIONAL BIBLIOGRAPHY NUMBER | |
| National bibliography number | GBA585266 |
| Source | bnb |
| 020 ## - INTERNATIONAL STANDARD BOOK NUMBER | |
| International Standard Book Number | 9780596006488 |
| 020 ## - INTERNATIONAL STANDARD BOOK NUMBER | |
| International Standard Book Number | 0596006489 (pbk.) : |
| Terms of availability | No price |
| 035 ## - SYSTEM CONTROL NUMBER | |
| System control number | (UkCU)4185829 |
| 035 ## - SYSTEM CONTROL NUMBER | |
| System control number | (Uk)013134723 |
| 035 ## - SYSTEM CONTROL NUMBER | |
| System control number | 1350863 |
| 040 ## - CATALOGING SOURCE | |
| Original cataloging agency | DLC |
| Transcribing agency | DLC |
| Modifying agency | UkCU |
| -- | Uk |
| 042 ## - AUTHENTICATION CODE | |
| Authentication code | ukscp |
| 050 #4 - LIBRARY OF CONGRESS CALL NUMBER | |
| Classification number | QA76.76.T49 LEA |
| 082 04 - DEWEY DECIMAL CLASSIFICATION NUMBER | |
| Classification number | 005.13 |
| Edition information | 22 |
| 245 00 - TITLE STATEMENT | |
| Title | Learning GNU Emacs / |
| Statement of responsibility, etc. | Debra Cameron ... [et al.]. |
| 250 ## - EDITION STATEMENT | |
| Edition statement | 3rd ed. |
| 260 ## - PUBLICATION, DISTRIBUTION, ETC. | |
| Place of publication, distribution, etc. | Beijing: |
| Name of publisher, distributor, etc. | O'Reilly, |
| Date of publication, distribution, etc. | c2005. |
| 300 ## - PHYSICAL DESCRIPTION | |
| Extent | xxii, 509 p. : |
| Other physical details | ill. ; |
| Dimensions | 24 cm. |
| 440 #0 - SERIES STATEMENT/ADDED ENTRY--TITLE | |
| Title | Nutshell handbook |
| 500 ## - GENERAL NOTE | |
| General note | "Unix text processing"--Cover. |
| 504 ## - BIBLIOGRAPHY, ETC. NOTE | |
| Bibliography, etc. note | Includes index. |
| 630 00 - SUBJECT ADDED ENTRY--UNIFORM TITLE | |
| Uniform title | GNU Emacs. |
| 650 #0 - SUBJECT ADDED ENTRY--TOPICAL TERM | |
| Topical term or geographic name entry element | Text editors (Computer programs) |
| 700 1# - ADDED ENTRY--PERSONAL NAME | |
| Personal name | Cameron, Debra. |
| 9 (RLIN) | 380 |
| 942 ## - ADDED ENTRY ELEMENTS (KOHA) | |
| Source of classification or shelving scheme | Dewey Decimal Classification |
| Koha item type | Books |
| Withdrawn status | Lost status | Damaged status | Not for loan | Collection | Home library | Current library | Shelving location | Date acquired | Barcode | Date last seen | Price effective from | Koha item type |
|---|---|---|---|---|---|---|---|---|---|---|---|---|
| Reference | Centerville | Centerville | General stacks | 09/04/2014 | 39999000016475 | 09/04/2014 | 09/04/2014 | Books | ||||
| Reference | Midway | Midway | General stacks | 09/04/2014 | 39999000016451 | 09/04/2014 | 09/04/2014 | Books |